| 000 -ლიდერი |
| ფიქსირებული სიგრძის საკონტროლო ველი |
01081nam a2200253Ia 4500 |
| 001 - საკონტროლო ნომერი |
| საკონტროლო ველი |
4509 |
| 003 - საკონტროლო ნომრის იდენტიფიკატორი |
| საკონტროლო ველი |
GE_BSU |
| 005 - ბოლო ოპერაციის თარიღი და დრო |
| საკონტროლო ველი |
20191016170241.0 |
| 008 - ფიქსირებული სიგრძის მონაცემთა ელემენტები - ზოგადი ინფორმაცია |
| ფიქსირებული სიგრძის საკონტროლო ველი |
181216s2012||||ge |||||||||||||| ||geo|| |
| 020 ## - წიგნის საერთაშორისო სტანდარტული ნომერი |
| International Standard Book Number |
9789941041495 |
| 040 ## - კატალოგიზაციის წყარო |
| Transcribing agency |
GE_BSU |
| 041 ## - ენის კოდი |
| Language code of text/sound track or separate title |
geo |
| 080 ## - უნივერსალური ათობითი კლასიფიკაციის ინდექსი |
| Universal Decimal Classification number |
340(075.8) ლ–76 |
| 100 ## - მთავარი ჩანაწერი - პიროვნების სახელი |
| Personal name |
ლობჟანიძე, გივი |
| 9 (RLIN) |
4775 |
| 245 ## - ცნობა სათაურის შესახებ |
| Title |
სამართალმცოდნეობის შესავალი / |
| Remainder of title |
საფუძვლები. სახელმძღვ. |
| Statement of responsibility, etc |
რედ. რომან შენგელია. |
| 264 ## - წარმოების, გამოცემის, დისტრიბუციის და სხვა ცნობები |
| გამოცემის, წარმოების, დისტრიბუციის... ადგილი |
თბ.: |
| გამოცემის, წარმოების, დისტრიბუციის... თარიღი |
2012. |
| 300 ## - ფიზიკური აღწერა |
| Extent |
636 გვ. ; |
| Other physical details |
20 სმ. |
| 504 ## - BIBLIOGRAPHY, ETC. NOTE |
| Bibliography, etc |
ბიბლიოგრ. ტექსტ. შენიშვნ. |
| 653 ## - INDEX TERM--UNCONTROLLED |
| Uncontrolled term |
სამართალმცოდნეობა |
| 700 ## - ADDED ENTRY--PERSONAL NAME |
| Personal name |
ლობჟანიძე, დავით |
| Relator term |
ავტორი |
| 9 (RLIN) |
4776 |
| 700 ## - ADDED ENTRY--PERSONAL NAME |
| Personal name |
ივანიშვილი, დავით |
| Relator term |
ავტორი |
| 9 (RLIN) |
4777 |
| 700 ## - ADDED ENTRY--PERSONAL NAME |
| Personal name |
შენგელია, რომან |
| Relator term |
რედაქტორი |
| 9 (RLIN) |
909 |
| 942 ## - ADDED ENTRY ELEMENTS (KOHA) |
| Koha item type |
წიგნი |
| Source of classification or shelving scheme |
|